00345nam a2200121Ia 4500008004100000100002000041245010200061260001200163260001100175260000900186300000700195650002100202160117s9999 xx 000 0 und d aHerath,H.M.K.C. 2aA Study on Removal of Congo red dye from Effuents of Textile Industry Using an adsorptive Method  aColombo bIchemc c2009 a46 aTextile Industry